Fairy Tail RP A-Z - Statistics

General Stats
  • This quiz has been taken 9 times
  • The average score is 11 of 26
Answer Stats
Letter Question Answer % Correct
X Ortrux spelled backwords. Xurtro
100%
I Who defeated Tail? Inigo
88%
F This person's highest SLs were Sybil and Rosalio. Felix Cross
63%
L Who learned how to skateboard? Lilla
63%
A This person's name translates to 'Fire'. Aodh
50%
C What was Eclair's title in Ravenshroud? Crown
50%
D What is Liam's last name? Desmond
50%
G Big beefy boy. Gunther
50%
J What do Elizabeth and Humming have in common? Jail
50%
M This status debuff was exclusive to Lie Zheng and Yuto. Marked
50%
P What was Rose's title in Ravenshroud? Plume
50%
B Edgart Holton is also known as. Blackbird
38%
E This person's faceclaim was the beta version of Wallace. Elias
38%
H What was Feather's role in Ravenshroud? Henchman
38%
O Who was Kento Nanami's highest support rank? Odette
38%
S What was the title Lie Zheng was given in the epilogue? Sword Saint
38%
U What was Athanasia's role in the Steel Paladins? Unseen
38%
V Raven's name. Vladimir
38%
Y Causet's moveset and personality were inspired by this symbol. Yin Yang
38%
K What was the location for the Mystery Cruise/Rose's Thorns two-parter? Kaihohonu Kea Island
25%
W What was the name of the commissioner Missions 2 and 4? Mayor Welville
25%
Q Kitone's title in Spirit Thorn. Quick Step
25%
R Castiel's combo with Betella. Regulus Combo
25%
T The bassist of Spirit Thorn. Thancred
25%
N Sarwar's beta name. Nigel
13%
Z This person's first appearance was in a conversation with Lilla. Zardin
13%
No matching quizzes found
Score Distribution
Percent of People with Each Score
Percentile by Number Answered
Your Score History
You have not taken this quiz